National Manpower accounts of India (Record no. 501054)

000 -LEADER
fixed length control field 00524cam a22001337a 4500
008 - FIXED-LENGTH DATA ELEMENTS--GENERAL INFORMATION
fixed length control field 180718b1981 xxu||||| |||| 00| 0 eng d
082 ## - DEWEY DECIMAL CLASSIFICATION NUMBER
Classification number R11x54 In7n/1
245 ## - TITLE STATEMENT
Title National Manpower accounts of India
Statement of responsibility, etc. by Institute of Appplied Manpower Research, India
260 ## - PUBLICATION, DISTRIBUTION, ETC.
Place of publication, distribution, etc. New Delhi
Name of publisher, distributor, etc. Institute of Appplied Manpower Research
Date of publication, distribution, etc. 1981
300 ## - PHYSICAL DESCRIPTION
Extent 384p.
500 ## - GENERAL NOTE
General note Contents: pt. 1. General characteristics of Indian population
650 ## - SUBJECT ADDED ENTRY--TOPICAL TERM
Topical term or geographic name entry element Manpower --India --Statistics
700 ## - ADDED ENTRY--PERSONAL NAME
Personal name India. Institute of Appplied Manpower Research
Holdings
Withdrawn status Lost status Damaged status Not for loan Permanent Location Current Location Date acquired Full call number Barcode Date last seen Price effective from Koha item type
        Indian Institute of Public Administration Indian Institute of Public Administration 2018-08-04 R11x54 In7n/1 GR12503 2018-08-04 2018-08-04 GR

Powered by Koha